[Event "38th Olympiad"]
[Site "Dresden GER"]
[Date "2008.11.20"]
[Round "7"]
[White "Jakovenko,D"]
[Black "Petrosian,TL"]
[Result "1/2-1/2"]
[WhiteElo "2737"]
[BlackElo "2629"]
[EventDate "2008.11.13"]

1. d4 d5 2. c4 c6 3. Nf3 Nf6 4. e3 e6 5. Bd3 Nbd7 6. O-O dxc4 7. Bxc4 Bd6
8. Nc3 b5 9. Be2 O-O 10. e4 e5 11. Bg5 Bb7 12. Qc2 h6 13. Bh4 exd4 14. Nxd4
Qb8 15. Bg3 Bxg3 16. hxg3 b4 17. Na4 Qe5 18. Nb3 c5 19. Nbxc5 Rac8 20. Nxd7
Nxd7 21. Qd2 Bc6 22. Qxb4 Rb8 23. Qc4 Bb5 24. Qc2 Bxa4 25. Qxa4 Rxb2 26.
Qxd7 Rxe2 27. Qxa7 Qxe4 28. a4 Ra8 29. Qd7 Qe6 30. Qxe6 Rxe6 31. Rfb1 Kf8
32. a5 Re5 33. a6 Re7 34. Rb6 Rea7 35. f4 Ke7 36. Kf2 Kd7 37. Rd1+ Kc8 38.
Rbd6 Rxa6 39. Rd8+ Kc7 40. R8d7+ Kc6 41. R1d6+ Kc5 42. Rxa6 Rxa6 43. Rxf7
g6 44. Rh7 Kd5 45. Rxh6 Ke4 46. Kg1 Kf5 47. Kh2 Kg4 48. Rh4+ Kf5 49. Rh8
Kg4 50. Re8 Ra7 51. Re3 Rh7+ 52. Kg1 Ra7 53. Rd3 Ra2 54. Kh2 1/2-1/2

[Event "38th Olympiad"]
[Site "Dresden GER"]
[Date "2008.11.20"]
[Round "7"]
[White "Naiditsch,A"]
[Black "Nisipeanu,LD"]
[Result "0-1"]
[WhiteElo "2678"]
[BlackElo "2684"]
[EventDate "2008.11.13"]

1. e4 c6 2. d4 d5 3. e5 Bf5 4. Nd2 e6 5. Nb3 Nd7 6. Nf3 Ne7 7. Be2 Nc8 8.
a4 Be7 9. a5 a6 10. Be3 Na7 11. O-O O-O 12. c4 dxc4 13. Bxc4 Nb5 14. Ne1 c5
15. Nxc5 Bxc5 16. dxc5 Nxe5 17. Be2 Qxd1 18. Rxd1 Rfd8 19. Nf3 Bd3 20. Nxe5
Bxe2 21. Rxd8+ Rxd8 22. Re1 Na7 23. f3 Bb5 24. Bf2 Rd2 25. b4 Nc6 26. Nxc6
Bxc6 27. Re3 Rb2 28. Be1 Bd5 29. h4 f6 30. Kh2 Kf7 31. Rd3 h5 32. Kg3 Ke7
33. Bc3 Rc2 34. Bd2 Bc6 35. Kf2 Rc4 36. g3 Rc2 37. Ke3 Rb2 38. Bc3 Rb1 39.
Kf2 Kf7 40. Re3 Rc1 41. Bd2 Rc2 42. Rd3 Rb2 43. Ke3 Kg6 44. g4 Rb1 45. Kf2
Rh1 46. Kg3 Rf1 47. Re3 e5 48. Rd3 e4 49. fxe4 Bxe4 50. gxh5+ Kxh5 51. Rd7
f5 0-1

[Event "38th Olympiad"]
[Site "Dresden GER"]
[Date "2008.11.20"]
[Round "7"]
[White "Fridman,D2"]
[Black "Parligras,M"]
[Result "1/2-1/2"]
[WhiteElo "2630"]
[BlackElo "2611"]
[EventDate "2008.11.13"]

1. Nf3 c5 2. c4 g6 3. e4 Nc6 4. d4 cxd4 5. Nxd4 Nf6 6. Nc3 Nxd4 7. Qxd4 d6
8. Be2 Bg7 9. Be3 O-O 10. Qd2 a5 11. O-O a4 12. Bd4 Qa5 13. Qe3 Be6 14. Nb5
Bd7 15. b4 axb3 16. axb3 Qb4 17. e5 Nd5 18. cxd5 Rxa1 19. Rxa1 Bxb5 20.
Bxb5 Qxb5 21. exd6 Bxd4 22. Qxd4 exd6 23. b4 Rc8 24. h3 Qc4 25. Qxc4 Rxc4
26. Ra8+ Kg7 27. Rd8 Rxb4 28. Rxd6 Kf8 29. Rd7 Rd4 30. Rxb7 Rxd5 31. g3
1/2-1/2

[Event "38th Olympiad"]
[Site "Dresden GER"]
[Date "2008.11.20"]
[Round "7"]
[White "Vajda,Le"]
[Black "Baramidze,D"]
[Result "0-1"]
[WhiteElo "2582"]
[BlackElo "2557"]
[EventDate "2008.11.13"]

1. e4 e5 2. Nf3 Nf6 3. d3 Nc6 4. Be2 d5 5. exd5 Nxd5 6. O-O Be7 7. Re1 O-O
8. Bf1 Bg4 9. h3 Bh5 10. c3 f5 11. a4 Kh8 12. Nbd2 Bf6 13. a5 Nf4 14. Nc4
g5 15. Bxf4 gxf4 16. a6 b5 17. Ncd2 Qd5 18. Qb1 Rg8 19. Kh1 Bf7 20. Be2
Rae8 21. Bd1 Qc5 22. Re2 Bd5 23. d4 Qf8 24. Qxf5 Ne7 25. Qd7 Qg7 26. Qg4
Qf7 27. Qd7 Rd8 28. Qxb5 Qg6 29. g4 fxg3 30. Bb3 e4 31. Bc2 gxf2 32. Rxf2
Qg3 33. Raf1 exf3 34. Ne4 Qh4 35. Nxf6 Qxh3+ 36. Rh2 f2+ 37. Be4 Bxe4+ 38.
Nxe4 Qf3+ 0-1

[Event "38th Olympiad"]
[Site "Dresden GER"]
[Date "2008.11.20"]
[Round "7"]
[White "Karjakin,Sergey"]
[Black "Bu Xiangzhi"]
[Result "1/2-1/2"]
[WhiteElo "2730"]
[BlackElo "2714"]
[EventDate "2008.11.13"]

1. d4 Nf6 2. c4 e6 3. Nf3 d5 4. Nc3 Bb4 5. cxd5 exd5 6. Bg5 Nbd7 7. Qb3 c5
8. a3 Qa5 9. Bd2 Ne4 10. Nxe4 dxe4 11. Bxb4 cxb4 12. Nd2 bxa3 13. Rxa3 Qf5
14. e3 O-O 15. Be2 Nf6 16. O-O Be6 17. Bc4 Bxc4 18. Nxc4 Qe6 19. Na5 b6 20.
Qxe6 fxe6 21. Nc4 Rfc8 22. b3 b5 23. Nd6 Rc6 24. Nxb5 a6 25. h3 Nd5 26.
Rfa1 h5 27. Ra5 Rb8 28. Na7 Rc2 29. Rc5 Nc3 30. Rxa6 h4 31. Rxe6 Rxb3 32.
Rxe4 Rc1+ 33. Kh2 Nxe4 34. Rxc1 Nxf2 35. Re1 g5 36. Kg1 Ne4 37. Nc6 Kf7 38.
Ne5+ Ke6 39. Ng4 Rb2 40. Ra1 Re2 41. Rf1 Ng3 42. Rd1 Nf5 43. Ra1 Nxe3 44.
Ra6+ Kf5 45. Rf6+ Ke4 46. Nxe3 Rxe3 47. Kf2 Rd3 48. Re6+ Kf4 49. Rf6+ Ke4
50. Re6+ Kf4 1/2-1/2

[Event "38th Olympiad"]
[Site "Dresden GER"]
[Date "2008.11.20"]
[Round "7"]
[White "Sasikiran,K"]
[Black "Bacrot,E"]
[Result "1/2-1/2"]
[WhiteElo "2694"]
[BlackElo "2705"]
[EventDate "2008.11.13"]

1. d4 d5 2. c4 dxc4 3. Nf3 a6 4. e3 b5 5. a4 Bb7 6. b3 e6 7. axb5 axb5 8.
Rxa8 Bxa8 9. bxc4 bxc4 10. Bxc4 Nf6 11. Qa4+ Bc6 12. Qc2 Bxf3 13. gxf3 Bb4+
14. Bd2 Bxd2+ 15. Nxd2 O-O 16. O-O Nbd7 17. Nb3 Qa8 18. Be2 Qd5 19. Ra1 Rb8
20. Bd1 Qg5+ 21. Kh1 Qb5 22. Kg1 Qg5+ 23. Kh1 Qb5 24. Kg1 1/2-1/2

[Event "38th Olympiad"]
[Site "Dresden GER"]
[Date "2008.11.20"]
[Round "7"]
[White "Ganguly,S"]
[Black "Fressinet,L"]
[Result "1/2-1/2"]
[WhiteElo "2603"]
[BlackElo "2676"]
[EventDate "2008.11.13"]

1. e4 e5 2. Nf3 Nc6 3. Bc4 Nf6 4. d3 Bc5 5. O-O O-O 6. Re1 d6 7. c3 a6 8.
Bb3 Be6 9. Bc2 d5 10. Qe2 Re8 11. h3 h6 12. Nbd2 Bf8 13. Nf1 b5 14. Ng3 g6
15. Rd1 Bg7 16. Be3 Qe7 17. a4 b4 18. Rac1 bxc3 19. bxc3 Rab8 20. d4 exd4
21. Nxd4 Nxd4 22. Bxd4 Nxe4 23. Nxe4 dxe4 24. Bxg7 Kxg7 25. Qxe4 Qc5 26.
Qd4+ Qxd4 27. cxd4 Red8 28. Be4 Rb4 29. Rxc7 Rxa4 30. Bb7 1/2-1/2

[Event "38th Olympiad"]
[Site "Dresden GER"]
[Date "2008.11.20"]
[Round "7"]
[White "Tkachiev,V"]
[Black "Geetha Narayanan,G"]
[Result "1/2-1/2"]
[WhiteElo "2664"]
[BlackElo "2548"]
[EventDate "2008.11.13"]

1. Nf3 Nf6 2. c4 g6 3. g3 Bg7 4. Bg2 d5 5. cxd5 Nxd5 6. d4 Nb6 7. Nc3 Nc6
8. e3 O-O 9. O-O Re8 10. d5 Na5 11. Nd4 Bd7 12. e4 Rc8 13. Rb1 c6 14. Re1
cxd5 15. exd5 Nac4 16. b3 Nd6 17. Bb2 Na8 18. Nce2 Qa5 19. a4 Bg4 20. h3
Bxe2 21. Nxe2 Bxb2 22. Rxb2 Nb6 23. Nf4 Qb4 24. Rbe2 Rc3 25. Rxe7 Rxe7 26.
Rxe7 Qxb3 27. Qe2 Rc1+ 28. Kh2 Qd1 29. Re8+ Nxe8 30. Qxe8+ Kg7 31. Ne6+
fxe6 32. Qe7+ Kg8 33. Qe8+ 1/2-1/2

[Event "38th Olympiad"]
[Site "Dresden GER"]
[Date "2008.11.20"]
[Round "7"]
[White "Vallejo Pons,F"]
[Black "Roiz,M"]
[Result "1/2-1/2"]
[WhiteElo "2664"]
[BlackElo "2677"]
[EventDate "2008.11.13"]

1. d4 Nf6 2. c4 g6 3. Nc3 d5 4. Qb3 dxc4 5. Qxc4 Bg7 6. e4 O-O 7. Be2 Nc6
8. Nf3 Bg4 9. d5 Na5 10. Qa4 Bxf3 11. Bxf3 c6 12. O-O b5 13. Qd1 Rc8 14.
dxc6 b4 15. e5 bxc3 16. exf6 Bxf6 17. bxc3 Nxc6 18. Bh6 Bg7 19. Bxg7 Kxg7
20. Re1 e6 21. Qa4 Qb6 22. Rab1 Qc5 23. Qb5 Qxb5 24. Rxb5 Rc7 25. Bxc6 Rxc6
26. Ra5 Rxc3 27. Rxa7 Rd8 28. h4 Rd2 29. Rxe6 Rc1+ 30. Kh2 Rxf2 31. Re3
Rcc2 32. Rg3 h5 33. Ra4 Rxa2 34. Rxa2 Rxa2 35. Rb3 Ra5 36. Rb6 Re5 37. Kg3
Re6 38. Rb4 Kf6 39. Rf4+ Ke7 40. Ra4 Rd6 41. Kf3 Kf6 42. Ra7 Ke5 1/2-1/2

[Event "38th Olympiad"]
[Site "Dresden GER"]
[Date "2008.11.20"]
[Round "7"]
[White "Howell,D"]
[Black "Gashimov,V"]
[Result "0-1"]
[WhiteElo "2593"]
[BlackElo "2703"]
[EventDate "2008.11.13"]

1. e4 e5 2. Nf3 Nf6 3. Nxe5 d6 4. Nf3 Nxe4 5. d4 d5 6. Bd3 Nc6 7. O-O Be7
8. c4 Nb4 9. cxd5 Nxd3 10. Qxd3 Qxd5 11. Re1 Bf5 12. g4 Bg6 13. Nc3 Nxc3
14. Qxc3 f6 15. Nh4 Kf7 16. Qxc7 Rhe8 17. Nxg6 hxg6 18. Bf4 Rad8 19. Rad1
Rd7 20. Qc3 Red8 21. a3 g5 22. Bg3 Bf8 23. f3 Qb5 24. Re4 Bc5 25. Kg2 Bb6
26. Bf2 Rc7 27. Qd2 Rcd7 28. Qc2 Rc7 29. Qd2 Rcd7 30. Rde1 Bc5 31. Qe3 Bf8
32. Re2 Rc7 33. Bg3 Rcd7 34. Bf2 Rc7 35. Re6 Qd5 36. Re8 Rcc8 37. Re4 Qb5
38. h4 gxh4 39. Bxh4 Rd5 40. Bf2 Rcd8 41. Rc2 R5d7 42. Qe1 Qd5 43. Qh1 Kg8
44. Qc1 Kf7 45. Qh1 Kg8 46. Qe1 Kf7 47. Kg1 Bd6 48. Qf1 Rh8 49. Be3 g5 50.
Qd3 Rdd8 51. Bf2 Rh3 52. Kf1 Rdh8 53. Ke2 Rh1 54. Kd2 R8h2 55. Kc3 b5 56.
Ree2 a5 57. b3 Rb1 58. Qe4 Rxb3+ 59. Kd2 Qxe4 60. fxe4 Bf4+ 0-1

[Event "38th Olympiad"]
[Site "Dresden GER"]
[Date "2008.11.20"]
[Round "7"]
[White "Guseinov,G"]
[Black "Jones,G"]
[Result "1/2-1/2"]
[WhiteElo "2650"]
[BlackElo "2548"]
[EventDate "2008.11.13"]

1. e4 c5 2. Nc3 Nc6 3. Nf3 g6 4. d4 cxd4 5. Nxd4 Bg7 6. Be3 Nf6 7. Bc4 O-O
8. Bb3 d6 9. f3 Bd7 10. Qd2 Rc8 11. O-O-O Ne5 12. Bg5 Qa5 13. Kb1 Rc5 14.
h4 Rfc8 15. Bxf6 Bxf6 16. Nd5 Qxd2 17. Rxd2 Kg7 18. h5 Bg5 19. f4 Rxd5 20.
Bxd5 Bxf4 21. Rdd1 b5 22. Rdf1 Bh6 23. c3 e6 24. Bb3 a5 25. hxg6 hxg6 26.
a3 a4 27. Ba2 Bg5 28. Ka1 Bf6 29. Rd1 Rc5 30. Rh3 Kg8 31. Nc2 Be7 32. Re3
Bc8 33. Re2 Bb7 34. Nd4 Bc8 35. Rf2 Bb7 36. Bb1 Ng4 37. Rf3 Ne5 38. Rff1
Nc4 39. Rf3 Ne5 40. Rh3 Bf8 41. Rf1 Bg7 42. Ba2 Bc8 43. Rh4 Bf8 44. Rhf4
Bh6 45. Rf6 Bg5 46. R6f2 Bh4 47. Re2 Be7 48. Bb1 Ba6 49. Rd1 Kg7 50. Ba2
Kg8 51. Rf2 Bb7 52. Rdf1 Bxe4 53. Rxf7 Nxf7 54. Bxe6 Bf5 55. Bxf7+ Kxf7 56.
g4 Bf6 57. gxf5 Bxd4 58. fxg6+ Kxg6 59. cxd4 Rc4 60. Kb1 Rxd4 61. Kc2 b4
1/2-1/2

[Event "38th Olympiad"]
[Site "Dresden GER"]
[Date "2008.11.20"]
[Round "7"]
[White "Papaioannou,I"]
[Black "Azarov,S"]
[Result "1-0"]
[WhiteElo "2597"]
[BlackElo "2613"]
[EventDate "2008.11.13"]

1. d4 d5 2. Nf3 Nf6 3. c4 e6 4. g3 Be7 5. Bg2 O-O 6. O-O dxc4 7. Qc2 a6 8.
a4 Bd7 9. Qxc4 Bc6 10. Bg5 Bd5 11. Qd3 c5 12. dxc5 Nbd7 13. Nc3 Nxc5 14.
Qe3 Qa5 15. Nxd5 Nxd5 16. Qa3 Bd6 17. Nd2 h6 18. Nc4 Qc7 19. Nxd6 hxg5 20.
Nxf7 Rxf7 21. Rac1 Rc8 22. b4 Qe5 23. bxc5 Qxe2 24. Qb3 Qg4 25. a5 Qd4 26.
Rce1 Rcf8 27. Qc2 Nb4 28. Qe4 Qxc5 29. Qxe6 Nd3 30. Re3 Rd8 31. Be4 Rd6 32.
Bh7+ Kxh7 33. Qxf7 Rf6 34. Qh5+ Rh6 35. Qf3 1-0

[Event "38th Olympiad"]
[Site "Dresden GER"]
[Date "2008.11.20"]
[Round "7"]
[White "Zhigalko,S"]
[Black "Kotronias,V"]
[Result "0-1"]
[WhiteElo "2592"]
[BlackElo "2587"]
[EventDate "2008.11.13"]

1. e4 c5 2. Nf3 Nc6 3. Bb5 g6 4. Bxc6 dxc6 5. d3 Bg7 6. h3 b6 7. O-O e5 8.
a3 f6 9. b4 cxb4 10. axb4 Nh6 11. c4 Nf7 12. Nc3 O-O 13. Bb2 f5 14. Re1 Re8
15. Qe2 Bd7 16. Rad1 Qc7 17. Qc2 Rab8 18. Qb3 a6 19. exf5 gxf5 20. Ne2 c5
21. Ng3 Qd6 22. Nh4 Qf6 23. Nf3 Bc6 24. Re3 Bh6 25. Rde1 Bxe3 26. Rxe3 f4
27. Ne4 Bxe4 28. Rxe4 Rbd8 29. bxc5 bxc5 30. Qc3 Rd6 31. Qa3 Rc6 32. Qa4
Rce6 33. Qa5 Qd8 34. Qc3 Qf6 35. Qa3 Rb8 36. Bc3 Rb1+ 37. Kh2 Nh6 38. Be1
Qe7 39. Qa2 Rb8 40. Bc3 Nf7 41. Qe2 Re8 42. g3 Nd6 43. Rxe5 fxg3+ 44. Kxg3
Rxe5 45. Nxe5 Qg5+ 46. Qg4 Qxg4+ 47. hxg4 Rb8 48. Kf4 Rb3 49. Bd2 Nb7 50.
d4 cxd4 51. Ke4 a5 52. c5 Nxc5+ 53. Kxd4 Nb7 54. Kc4 Rb2 55. Kc3 Rb5 56. f4
Nd6 57. Kc2 a4 58. Bc3 a3 59. Nd3 Nc4 60. g5 Ne3+ 61. Kd2 Nd5 62. Bd4 a2
63. Nc1 Ra5 64. Nb3 Ra3 65. Kc2 Nxf4 66. Kb2 Ra4 67. Ka1 Nd5 68. Bc5 Kf7
69. Nc1 Kg6 0-1

[Event "38th Olympiad"]
[Site "Dresden GER"]
[Date "2008.11.20"]
[Round "7"]
[White "Banikas,H"]
[Black "Fedorov,Alex"]
[Result "0-1"]
[WhiteElo "2572"]
[BlackElo "2584"]
[EventDate "2008.11.13"]

1. d4 Nf6 2. c4 g6 3. Nc3 Bg7 4. e4 d6 5. Bg5 h6 6. Be3 Ng4 7. Bc1 e5 8. d5
f5 9. Be2 Nf6 10. exf5 gxf5 11. Bh5+ Nxh5 12. Qxh5+ Kf8 13. f4 e4 14. Nge2
Qe8 15. Qxe8+ Kxe8 16. Be3 Rg8 17. O-O Na6 18. Bd4 Bd7 19. Rad1 Nc5 20. Rd2
Kf7 21. Bxg7 Rxg7 22. Nd4 a5 23. Nd1 a4 24. Kf2 Ra6 25. Ne3 Kf6 26. Ke2 Rb6
27. Rb1 h5 28. Kf1 h4 29. Ne2 Nd3 30. g3 Ra6 31. Ng2 hxg3 32. hxg3 Ra8 33.
Ne1 Nc5 34. Kg2 Rh8 35. b4 axb3 36. axb3 Rgh7 37. Kf2 Rh1 38. Rdd1 R8h2+
39. Ke3 Rf1 40. b4 Nd3 41. Nxd3 Rf3+ 42. Kd4 Rxe2 43. Nc1 Rc2 44. Nb3 Ba4
0-1

[Event "38th Olympiad"]
[Site "Dresden GER"]
[Date "2008.11.20"]
[Round "7"]
[White "Nguyen Ngoc Truong Son"]
[Black "Van Wely,L"]
[Result "1-0"]
[WhiteElo "2567"]
[BlackElo "2618"]
[EventDate "2008.11.13"]

1. d4 Nf6 2. c4 g6 3. Nc3 Bg7 4. e4 d6 5. g3 c5 6. d5 O-O 7. Bg2 e6 8. Nge2
exd5 9. exd5 Nbd7 10. O-O Ne5 11. b3 Bf5 12. h3 h5 13. Bg5 Qd7 14. Bxf6
Bxf6 15. f4 Nd3 16. g4 hxg4 17. hxg4 Nb2 18. Qd2 Bxg4 19. Rab1 Bxe2 20.
Nxe2 Qg4 21. Rxb2 Bxb2 22. Qxb2 Rae8 23. Rf3 f6 24. Qd2 Rf7 25. Qd3 f5 26.
Re3 Rfe7 27. Re6 Rxe6 28. dxe6 Rxe6 29. Kf1 Re7 30. Qd2 Kg7 31. Ng1 Qh4 32.
Bd5 Kf8 33. Nf3 Qh8 34. Kf2 Ke8 35. b4 Qa1 36. Qc2 Kf8 37. b5 Rh7 38. Qd2
Ke8 39. Be6 Ke7 40. Qd5 Rh5 41. Bg8 Qg7 42. Qxb7+ Kf6 43. Qc8 Qe7 44. Bd5
Rh1 45. a4 1-0

[Event "38th Olympiad"]
[Site "Dresden GER"]
[Date "2008.11.20"]
[Round "7"]
[White "Dao Thien Hai"]
[Black "Stellwagen,D"]
[Result "0-1"]
[WhiteElo "2510"]
[BlackElo "2605"]
[EventDate "2008.11.13"]

1. d4 Nf6 2. c4 g6 3. Nc3 Bg7 4. e4 d6 5. Be2 O-O 6. Bg5 Na6 7. Nf3 e5 8.
dxe5 dxe5 9. Qxd8 Rxd8 10. Nd5 Rd6 11. Bxf6 Bxf6 12. Nxf6+ Rxf6 13. Nxe5
Re6 14. Ng4 h5 15. Ne3 Rxe4 16. Bf3 Re8 17. O-O c6 18. Rab1 Nb4 19. a3 Nd3
20. Rfd1 Ne5 21. Be2 Bg4 22. Nxg4 hxg4 23. h3 gxh3 24. gxh3 Re7 25. Rd2 Kg7
26. Rbd1 g5 27. Kh2 Ng6 28. Bg4 Rae8 29. Kg3 a5 30. Rd7 Ne5 31. R7d4 Kg6
32. Bd7 Rh8 33. c5 f6 34. Bg4 Rhe8 35. Bd7 Rh8 36. Bg4 Reh7 37. Re4 Nxg4
38. hxg4 Rh2 39. Kf3 R8h3+ 40. Ke2 Rb3 41. Rd2 Rh1 42. Re3 Rb5 43. Re6 Rh7
44. Rc2 Rh4 45. Re4 Rh3 46. Rd4 Rhb3 47. Rdd2 Kf7 48. Kf1 Rf3 49. Rd7+ Kg6
50. Rd4 Rf4 51. Rd3 Rxg4 52. f3 Rh4 53. Kg2 Kf5 54. Kg1 Rh7 55. Kg2 Re7 56.
Kf2 Re5 57. Rdc3 Rd5 58. b3 Rd1 59. Rb2 Ke5 60. Ke2 Ra1 61. b4 axb4 62.
axb4 Kd4 63. Re3 Re1+ 0-1

[Event "38th Olympiad"]
[Site "Dresden GER"]
[Date "2008.11.20"]
[Round "7"]
[White "L'Ami,E"]
[Black "Tu Hoang Thong"]
[Result "1/2-1/2"]
[WhiteElo "2610"]
[BlackElo "2496"]
[EventDate "2008.11.13"]

1. d4 e6 2. c4 f5 3. g3 Nf6 4. Bg2 d5 5. Nd2 c6 6. Nh3 Bd6 7. O-O O-O 8.
Nf3 b6 9. Bf4 Ba6 10. cxd5 cxd5 11. Rc1 Ne4 12. Bxd6 Qxd6 13. Ne5 Nf6 14.
Qa4 Bb7 15. Rc2 Na6 16. Rfc1 Rfc8 17. e3 Rxc2 18. Rxc2 Nb4 19. Rc1 a5 20.
a3 Na6 21. Nf4 g5 22. Ne2 Rc8 23. Nc3 Nb8 24. Bf1 Qd8 25. f3 Nfd7 26. Nxd7
Qxd7 27. Qb3 Qd8 28. Rc2 Kf7 29. g4 fxg4 30. fxg4 Kg7 31. Rf2 Nd7 32. Qd1
Qe7 33. Bb5 Nf6 34. Qf3 Bc6 35. Ba6 Rf8 36. Qg3 Kg8 37. h3 Ne8 38. Bd3 Rxf2
39. Qxf2 Qc7 40. Ne2 Kg7 41. Ng3 Nf6 42. Kg2 Be8 43. Qc2 Qxc2+ 44. Bxc2 Bb5
45. Kf3 h6 46. Ne2 Bxe2+ 47. Kxe2 Kf7 48. Kd2 Ke7 49. Kc3 Kd6 50. b4 h5 51.
gxh5 Nxh5 52. bxa5 bxa5 53. Bd1 Ng3 54. Bf3 Kc6 55. Kd3 Kd6 56. e4 dxe4+
57. Bxe4 Nh5 58. Kc4 Nf4 59. Kb5 Nxh3 60. Kxa5 Kc7 61. Kb5 Nf4 62. a4 Ne2
63. Kc5 Nc3 64. Bc6 g4 65. a5 Nd5 66. a6 Kb8 67. Bb5 g3 68. Bf1 Ne3 69. Bh3
g2 70. Bxg2 Nxg2 71. Kd6 Nf4 72. Ke5 Ne2 73. a7+ Kxa7 74. Kxe6 Nxd4+ 75.
Ke5 1/2-1/2

[Event "38th Olympiad"]
[Site "Dresden GER"]
[Date "2008.11.20"]
[Round "7"]
[White "Topalov,V"]
[Black "Zhao Zong Yuan"]
[Result "1-0"]
[WhiteElo "2791"]
[BlackElo "2567"]
[EventDate "2008.11.13"]

1. d4 Nf6 2. c4 e6 3. Nc3 d5 4. cxd5 exd5 5. Bg5 Be7 6. e3 O-O 7. Bd3 Nbd7
8. Nge2 Re8 9. O-O Nf8 10. b4 Be6 11. b5 Ng6 12. Qc2 Bd6 13. f4 Bg4 14.
Bxf6 Qxf6 15. Nxd5 Qd8 16. Ng3 Rc8 17. Bf5 Bxf5 18. Nxf5 c6 19. bxc6 bxc6
20. Nc3 Bb4 21. Ne4 a5 22. Rad1 h6 23. Neg3 Nf8 24. e4 Ne6 25. e5 Qb6 26.
Nh5 Red8 27. Kh1 Kf8 28. Nfxg7 Nxg7 29. Nf6 Ke7 30. d5 Rh8 31. Qb3 Rcd8 32.
d6+ Kf8 33. f5 Qb5 34. Qg3 Qe2 35. Qf4 Ne8 36. Ne4 Rg8 37. Qxh6+ Rg7 38.
Ng3 1-0

[Event "38th Olympiad"]
[Site "Dresden GER"]
[Date "2008.11.20"]
[Round "7"]
[White "Smerdon,D"]
[Black "Cheparinov,I"]
[Result "0-1"]
[WhiteElo "2470"]
[BlackElo "2696"]
[EventDate "2008.11.13"]

1. e4 g6 2. d4 Bg7 3. Nc3 d6 4. Be3 a6 5. h4 h5 6. a4 Nd7 7. Nf3 Nh6 8. Ng5
Ng4 9. Bc4 O-O 10. Qf3 e6 11. Qg3 Qe7 12. Rd1 c6 13. Bc1 d5 14. Be2 e5 15.
Bxg4 hxg4 16. dxe5 Nxe5 17. Bf4 Re8 18. Kf1 f6 19. exd5 fxg5 20. Bxg5 Qf7
21. d6 Bf5 22. Be7 Bxc2 23. Re1 Qf5 0-1

[Event "38th Olympiad"]
[Site "Dresden GER"]
[Date "2008.11.20"]
[Round "7"]
[White "Georgiev,Ki"]
[Black "Solomon,SJ"]
[Result "1-0"]
[WhiteElo "2645"]
[BlackElo "2470"]
[EventDate "2008.11.13"]

1. d4 d5 2. Nf3 c6 3. Bf4 Bf5 4. e3 e6 5. c4 Qb6 6. Qc1 Bxb1 7. Rxb1 Qa5+
8. Nd2 Nf6 9. c5 Nbd7 10. b4 Qd8 11. b5 Qa5 12. Bd3 e5 13. Bg3 g6 14. O-O
Bg7 15. dxe5 Nh5 16. bxc6 bxc6 17. e6 fxe6 18. Bd6 Nhf6 19. Nb3 Qa4 20. Nd4
Kf7 21. Rb3 Ng4 22. Ra3 Qb4 23. Nxc6 Qb7 24. Nd4 e5 25. Ba6 Qxa6 26. Rxa6
exd4 27. exd4 Rhe8 28. Qf4+ Ngf6 29. Be5 Rf8 30. c6 Nb6 31. Bxf6 Bxf6 32.
Qc7+ Kg8 33. Rxa7 Rxa7 34. Qxa7 Bxd4 35. a4 Ra8 36. Qb7 Rxa4 37. Re1 Kf8
38. Qe7+ Kg8 39. h3 Ra8 40. Rd1 1-0

[Event "38th Olympiad"]
[Site "Dresden GER"]
[Date "2008.11.20"]
[Round "7"]
[White "Xie,G"]
[Black "Delchev,A"]
[Result "0-1"]
[WhiteElo "2403"]
[BlackElo "2632"]
[EventDate "2008.11.13"]

1. e4 e5 2. Nf3 Nc6 3. d4 exd4 4. Bc4 Bc5 5. c3 Nf6 6. e5 d5 7. Bb5 Ne4 8.
cxd4 Bb6 9. Nc3 O-O 10. Bxc6 bxc6 11. Be3 f5 12. exf6 Qxf6 13. Qb3 Nd6 14.
O-O Nc4 15. Ne4 Qg6 16. Ned2 Bg4 17. Kh1 Kh8 18. Rg1 Rae8 19. Qc3 Bxf3 20.
Nxf3 Qh5 21. Nd2 Nxd2 22. Qxd2 Re4 23. f3 Re6 24. b4 Rfe8 25. Rge1 h6 26.
a4 a6 27. a5 Ba7 28. Bf2 Rxe1+ 29. Bxe1 Qg5 30. f4 Qg4 31. Bg3 Re4 32. Re1
Rxd4 33. Re8+ Kh7 34. Qc2+ Qg6 35. Qxg6+ Kxg6 36. h4 Rd1+ 37. Kh2 Bg1+ 38.
Kh3 Rd3 39. Re6+ Kf7 40. Re2 h5 41. f5 Kf6 42. Re6+ Kxf5 43. Re8 Rb3 44. b5
axb5 45. Rf8+ Ke6 46. Rf1 Bc5 47. Kh2 Ra3 48. Rc1 Bd6 0-1

[Event "38th Olympiad"]
[Site "Dresden GER"]
[Date "2008.11.20"]
[Round "7"]
[White "Socko,B"]
[Black "Gundavaa,B"]
[Result "1-0"]
[WhiteElo "2631"]
[BlackElo "2458"]
[EventDate "2008.11.13"]

1. d4 d5 2. c4 c6 3. Nf3 Nf6 4. e3 Bg4 5. h3 Bxf3 6. Qxf3 e6 7. Nc3 Nbd7 8.
Bd3 Bd6 9. O-O O-O 10. Qd1 Qe7 11. c5 Bc7 12. f4 b6 13. b4 a5 14. b5 bxc5
15. bxc6 Nb8 16. Ba3 Nxc6 17. Bxc5 Bd6 18. Bxd6 Qxd6 19. Nb5 Qd7 20. a3
Rfc8 21. Rc1 Na7 22. Nc3 Rc7 23. Qa4 Qc8 24. Ne2 Nc6 25. Rc5 Nd7 26. Rc3
Ne7 27. Bxh7+ Kh8 28. Rxc7 Qxc7 29. Bd3 Nb6 30. Qb5 Nc4 31. Rc1 Rb8 32. Qa4
Rc8 33. g4 Qb7 34. Kf2 Nb2 35. Rxc8+ Qxc8 36. Qb3 Nxd3+ 37. Qxd3 Qd8 38.
Ng1 Nc8 39. Nf3 f6 40. Nd2 Nd6 41. Qc2 Qb6 42. Ke1 Qa6 43. h4 Nc4 44. Qc3
Qb5 45. g5 Kg8 46. g6 Kf8 47. Kf2 Nxd2 48. Qxd2 Qb1 49. h5 Qh1 50. Qxa5
Qh2+ 51. Ke1 Qg1+ 52. Kd2 Qf2+ 53. Kd3 Qf1+ 54. Kc2 Qe2+ 55. Qd2 Qxh5 56.
Qd3 f5 57. a4 Qxg6 58. a5 Qg1 59. Kb2 Qf2+ 60. Kb3 Qe1 61. Ka4 Ke8 62. a6
Qa1+ 63. Qa3 Qb1 64. a7 Qb7 65. Qc5 Qa6+ 66. Kb4 Kf7 67. Qc7+ Kg6 68. Kc5
Qa3+ 69. Kc6 Qa4+ 70. Kd6 Qa3+ 71. Kxe6 Qxe3+ 72. Qe5 1-0

[Event "38th Olympiad"]
[Site "Dresden GER"]
[Date "2008.11.20"]
[Round "7"]
[White "Hatanbaatar,B"]
[Black "Miton,K"]
[Result "1-0"]
[WhiteElo "2375"]
[BlackElo "2604"]
[EventDate "2008.11.13"]

1. e4 c5 2. Nf3 e6 3. d4 cxd4 4. Nxd4 a6 5. Nc3 Qc7 6. Bd3 Bc5 7. Nb3 Be7
8. Qg4 g6 9. Qe2 d6 10. O-O Nd7 11. f4 Ngf6 12. Kh1 h5 13. Bd2 b6 14. Rae1
Bb7 15. Rf3 b5 16. Rh3 Nc5 17. Nxc5 dxc5 18. e5 Ng4 19. Be4 Rd8 20. Bxb7
Qxb7 21. Rf3 Nh6 22. Be3 Nf5 23. Bf2 O-O 24. Ne4 Rd5 25. Rd3 Rc8 26. Red1
Rxd3 27. Rxd3 c4 28. Rd1 Qc6 29. Kg1 b4 30. b3 a5 31. g3 Kg7 32. h3 a4 33.
Kg2 cxb3 34. cxb3 Ra8 35. Qf3 axb3 36. axb3 Ra2 37. Rd2 Ra1 38. Nc5 Qe8 39.
Qb7 Rb1 40. Rd3 Rb2 41. Ne4 Rc2 42. Kf3 Qc8 43. Qxc8 Rxc8 44. g4 hxg4+ 45.
hxg4 Nh6 46. Rd7 Ng8 47. g5 Bf8 48. Rb7 Ne7 49. Rxb4 Nd5 50. Rb7 Rc2 51.
Nd6 Be7 52. Ne8+ Kf8 53. Rb8 Rc3+ 54. Ke4 Rxb3 55. Rxb3 Kxe8 56. Rb7 Kf8
57. Rb8+ Kg7 58. Rc8 Bb4 59. Bd4 Bd2 60. Bc5 Kh7 61. Bf8 Be1 62. Rb8 Bd2
63. Re8 Nc7 64. Rd8 Nd5 65. Rd7 Kg8 66. Be7 Nxe7 67. Rxe7 Kf8 68. Rd7 Be1
69. Rd3 Ke7 70. Kd4 Bf2+ 71. Kc4 Bg1 72. Kb5 Bh2 73. Rd4 Bg1 74. Rd3 Bh2
75. Rf3 Bg1 76. Kc6 Bd4 77. Rb3 Bf2 78. Rb7+ Kf8 79. Kd6 Be3 80. Rb4 Bd2
81. Rc4 Be3 82. Kd7 Bd2 83. Rc8+ Kg7 84. Ke8 Bxf4 85. Rc7 Bxe5 86. Rxf7+
Kg8 87. Ke7 Bc3 88. Rf3 Bb2 89. Rb3 Bd4 90. Rd3 Bb2 91. Rd7 Bc3 92. Kxe6 
Bb2  93. Rd2 Bc3 94. Rc2 Bd4 95. Rd2 Bc3 96. Rd3 Bb2 97. Rb3 Bd4 98. Kd5 
Ba1 99. Rb1 Bc3 100. Kc4 Be5 101. Rb5 Bg7 102. Rb6 Kf7 103. Rb7+ Kg8 
104. Rxg7+ Kxg7 105. Kd5 Kf7 106. Ke4 1-0

[Event "38th Olympiad"]
[Site "Dresden GER"]
[Date "2008.11.20"]
[Round "7"]
[White "Wojtaszek,R"]
[Black "Oyunbaatar,T"]
[Result "1-0"]
[WhiteElo "2599"]
[BlackElo "2306"]
[EventDate "2008.11.13"]

1. c4 Nf6 2. Nf3 e6 3. d4 d5 4. g3 Be7 5. Bg2 O-O 6. O-O dxc4 7. Nc3 a6 8.
Ne5 Nd5 9. Nxc4 b5 10. Nxd5 exd5 11. Ne5 Bb7 12. Qc2 Bd6 13. Nd3 Nd7 14.
Bf4 Rc8 15. Rac1 Qf6 16. e3 g5 17. Bxd6 cxd6 18. Qd2 Qf5 19. f3 h6 20. Nf2
Rxc1 21. Rxc1 Nb6 22. b3 Re8 23. Rc7 Qb1+ 24. Bf1 Bc8 25. Rc6 Nc4 26. bxc4
dxc4 27. e4 Kg7 28. d5 Qa1 29. Kg2 Qe5 30. Qb4 Bd7 31. Rxa6 Rc8 32. Rxd6
1-0

[Event "38th Olympiad"]
[Site "Dresden GER"]
[Date "2008.11.20"]
[Round "7"]
[White "Bayarmandah,B"]
[Black "Gajewski,G"]
[Result "0-1"]
[WhiteElo "2339"]
[BlackElo "2577"]
[EventDate "2008.11.13"]

1. d4 Nf6 2. c4 g6 3. g3 Bg7 4. Bg2 O-O 5. e4 d6 6. Ne2 c5 7. O-O cxd4 8.
Nxd4 Nc6 9. Nxc6 bxc6 10. Nc3 Rb8 11. Qc2 Qa5 12. Bd2 Qh5 13. Rab1 Ng4 14.
h4 Ne5 15. f3 Nxc4 16. Bg5 h6 17. g4 Bxg4 18. fxg4 Qxg4 19. Ne2 hxg5 20.
Qxc4 Qxh4 21. b3 Be5 22. Rf2 c5 23. Qd3 a5 24. Kf1 e6 25. Qa6 a4 26. Qxa4
Ra8 27. Qc4 Rxa2 28. b4 Rfa8 29. bxc5 Ra1 30. Rc1 dxc5 31. Qxc5 Bb2 32. Re1
Qh8 33. Qe7 Qg7 34. Qxg5 Rxe1+ 35. Kxe1 Ra1+ 36. Kd2 Qf8 37. Qb5 Qd6+ 38.
Ke3 Ra3+ 39. Nc3 Rxc3+ 40. Ke2 Rc2+ 0-1